| Поле | Инд. | ПП | Название | Значение |
|---|---|---|---|---|
| Тип записи | a | |||
| Библиографический уровень | b | |||
| 001 | Контрольный номер | UNIDUBNA568a26a7abb7411db480534caab513ab | ||
| 005 | Дата корректировки | 20250313150839.2 | ||
| 008 | Кодируемые данные | 20170331 | ||
| 040 | b | Код языка каталог. | rus | |
| e | Правила каталог. | PSBO | ||
| 041 | 0_ | a | Код языка текста | rus |
| 084 | a | Индекс другой классификации/Индекс ББК | 60.992; 60.993 | |
| 100 | 1_ | a | Автор | Даунова Ф. Р. |
| 245 | 10 | a | Заглавие | Об апробации системы долговременного ухода за гражданами пожилого возраста и инвалидами |
| 520 | 0_ | a | Аннотация | Инновационные подходы в организации деятельности социального обслуживания граждан пожилого возраста и инвалидов направлены на обеспечение достойного качества жизни с возможностью осуществления их самореализации, независимости и активной деятельности. Важная особенность новой системы ухода - совершенствование механизмов установления нуждаемости граждан старшего покаления в социальном обслуживании (выявительный приницип). |
| 650 | 14 | a | Основная рубрика | социальная работа |
| 653 | 0_ | a | Ключевые слова | активное долголетие |
| a | Ключевые слова | дневной стационар | ||
| a | Ключевые слова | долговременный уход | ||
| a | Ключевые слова | досуг | ||
| a | Ключевые слова | инвалиды | ||
| a | Ключевые слова | инновационные технологии | ||
| a | Ключевые слова | качество жизни | ||
| a | Ключевые слова | люди с ограниченными возможностями | ||
| a | Ключевые слова | межпоколенческое взаимодействие | ||
| a | Ключевые слова | ограниченные возможности здоровья | ||
| a | Ключевые слова | подготовка кадров | ||
| a | Ключевые слова | пожилые люди | ||
| a | Ключевые слова | приемная семья | ||
| a | Ключевые слова | психосоциальная реабилитация | ||
| a | Ключевые слова | Россия | ||
| a | Ключевые слова | самообслуживание | ||
| a | Ключевые слова | самореализация | ||
| a | Ключевые слова | социальная активность | ||
| a | Ключевые слова | социальная защита | ||
| a | Ключевые слова | социальная интеграция | ||
| a | Ключевые слова | социальная реабилитация | ||
| a | Ключевые слова | социально-бытовые услуги | ||
| a | Ключевые слова | социальное обслуживание | ||
| a | Ключевые слова | социально-медицинские услуги | ||
| a | Ключевые слова | социальные проекты | ||
| a | Ключевые слова | стационар на дому | ||
| a | Ключевые слова | центры социального обслуживания | ||
| 773 | 08 | t | Заглавие источника | Работник социальной службы |
| d | Дата издания источника | 2023 | ||
| g | Прочая информация | № 5. - С. 21 - 27 | ||
| w | Контрольный № источника | UNIDUBNAee29d0d809f141f5aaf6905265ca30a0 | ||
| 901 | t | Тип документа | b |